How the church grows. (Record no. 9006)

000 -LEADER
fixed length control field 00531nam a2200181 a 4500
001 - CONTROL NUMBER
control field :::00006787$&:&@@
003 - CONTROL NUMBER IDENTIFIER
control field OkBaRHE
005 - DATE AND TIME OF LATEST TRANSACTION
control field 20000607103333.0
008 - FIXED-LENGTH DATA ELEMENTS--GENERAL INFORMATION
fixed length control field s1947 j 000 0 eng u
040 ## - CATALOGING SOURCE
Transcribing agency
100 1# - MAIN ENTRY--PERSONAL NAME
Personal name Burkhart, Roy Abram, 1895-
245 10 - TITLE STATEMENT
Title How the church grows.
260 ## - PUBLICATION, DISTRIBUTION, ETC. (IMPRINT)
Place of publication, distribution, etc New York, NY., :
Name of publisher, distributor, etc Harper and Brothers
Date of publication, distribution, etc 1947
300 ## - PHYSICAL DESCRIPTION
Extent 210 p. ;
Dimensions 20 cm.
650 ## - SUBJECT ADDED ENTRY--TOPICAL TERM
Topical term or geographic name as entry element Church
942 ## - ADDED ENTRY ELEMENTS (KOHA)
Source of classification or shelving scheme
Koha item type Books
Copies
Koha item type Permanent Location Date acquired Damaged status Barcode Lost status Source of classification or shelving scheme Copy number Shelving location Not for loan Withdrawn status Date last seen Full call number Price effective from
BooksRHEMA Bible Training College2010-04-14 6787  1General Stacks  2010-04-14BV 600 .B86872010-04-14